| 000 | 00919na a2200301 4500 | ||
|---|---|---|---|
| 001 | 17792 | ||
| 003 | MIRAKIL | ||
| 005 | 20181213154853.0 | ||
| 008 | 161104b tu 000 0 | ||
| 020 | _a9751926440 | ||
| 040 |
_aMilas _btur _cTR-AnCHP |
||
| 041 | _atur | ||
| 082 |
_a338.9547 _bP37 2001 |
||
| 090 | _a338.9547 P37 2001 | ||
| 245 |
_aPetrokimya sanayii özel ihtisas komisyonu raporu _cDevlet Planlama Teşkilatı |
||
| 246 | _aPetrokimya sanayii | ||
| 260 |
_aAnkara _bDPT _c2001 |
||
| 300 |
_a385 s. _btbl. _c27 sm. |
||
| 440 |
_aDPT _v2563 |
||
| 490 |
_aÖİK _v579 |
||
| 610 | _aDevlet Planlama Teşkilatı (DPT) | ||
| 650 |
_aPetrokimya _xKalkınma planı, 2001 _yRaporlar |
||
| 651 |
_aTürkiye _xBeş yıllık kalkınma planları |
||
| 710 | _aDevlet Planlama Teşkilatı (DPT) | ||
| 740 | _aPetrokimya sanayii | ||
| 830 | _aDevlet Planlama Teşkilatı Yayınları | ||
| 942 |
_2ddc _cBKS |
||
| 999 |
_c2321 _d2321 |
||